Saussure y Chomsky : (Record no. 7471)

MARC details
000 -LEADER
campo de control de longitud fija 01097nam a2200337 i 4500
001 - NÚMERO DE CONTROL
campo de control 7471
003 - IDENTIFICADOR DE NÚMERO DE CONTROL
campo de control ES-MaACL
005 - FECHA Y HORA DE LA ÚLTIMA TRANSACCIÓN
campo de control 20250818063032.0
007 - CAMPO FIJO DE DESCRIPCIÓN FÍSICA--INFORMACIÓN GENERAL
campo de control de longitud fija t|
008 - DATOS DE LONGITUD FIJA--INFORMACIÓN GENERAL
campo de control de longitud fija 910122s1987 sp ||||1| spa d
017 ## - NÚMERO DE COPYRIGHT O DE DEPÓSITO LEGAL
Número de copyright o de depósito legal M 27839-1987
Agencia que asigna Oficina Depósito Legal Madrid
020 ## - NÚMERO INTERNACIONAL ESTÁNDAR DEL LIBRO
Número Internacional Estándar del Libro 8470460544
040 ## - FUENTE DE CATALOGACIÓN
Centro/agencia transcriptor ES-MaACL
080 ## - NÚMERO DE LA CLASIFICACIÓN DECIMAL UNIVERSAL
Número de la Clasificación Decimal Universal 41.01
080 ## - NÚMERO DE LA CLASIFICACIÓN DECIMAL UNIVERSAL
Número de la Clasificación Decimal Universal 41.01:92 Saussure
080 ## - NÚMERO DE LA CLASIFICACIÓN DECIMAL UNIVERSAL
Número de la Clasificación Decimal Universal 41.01:92 Chomsky
100 1# - ENTRADA PRINCIPAL--NOMBRE DE PERSONA
Nombre de persona Velilla Barquero, Ricardo
9 (RLIN) 113842
Término indicativo de función/relación Autor
245 10 - MENCIÓN DEL TÍTULO
Título Saussure y Chomsky :
Resto del título introducción a su lingüística /
Mención de responsabilidad, etc. Ricardo Velilla Barquero.
250 ## - MENCION DE EDICION
Mención de edición Quinta reimpresión
260 ## - PUBLICACIÓN, DISTRIBUCIÓN, ETC.
Lugar de publicación, distribución, etc. Madrid :
Nombre del editor, distribuidor, etc. Cincel,
Fecha de publicación, distribución, etc. D.L. 1987.
300 ## - DESCRIPCIÓN FÍSICA
Extensión 118 páginas ;
Dimensiones 17 cm.
490 1# - MENCIÓN DE SERIE
Mención de serie Didaxis. Cuadernos de Filologia
600 14 - PUNTO DE ACCESO ADICIONAL DE MATERIA--NOMBRE DE PERSONA
Nombre de persona Saussure, Ferdinand de,
9 (RLIN) 104017
Fechas asociadas al nombre 1857-1913
600 14 - PUNTO DE ACCESO ADICIONAL DE MATERIA--NOMBRE DE PERSONA
Nombre de persona Chomsky, Noam,
Fechas asociadas al nombre 1928-
9 (RLIN) 38607
650 #4 - PUNTO DE ACCESO ADICIONAL DE MATERIA--TÉRMINO DE MATERIA
9 (RLIN) 14463
Término de materia o nombre geográfico como elemento de entrada Lingüística
852 ## - LOCALIZACIÓN
Ubicación ES-MaACL
Número de control de estantería L-14805
Sublocalización o colección R.118818
itemnumber 7683
Ubicación en estantería Depósito 2
Encuadernación Encuadernación rústica
942 ## - ELEMENTOS DE ENTRADA SECUNDARIOS (KOHA)
Tipo de ítem Koha Libro impreso
Suprimir en OPAC No
Holdings
Estatus retirado Estado de pérdida Estado de daño No para préstamo Biblioteca de origen Biblioteca actual Ubicación en estantería Fecha de adquisición Fuente de adquisición Total de préstamos Signatura topográfica completa Código de barras Visto por última vez Precio de reemplazo Tipo de ítem Koha
        Biblioteca del Ateneo de Madrid Biblioteca del Ateneo de Madrid Depósito 2 17/01/2008     L-14805 1007621 23/02/2023 23/02/2023 Libro impreso